Culture + technology: a primer (Record no. 4727)

MARC details
000 -LEADER
fixed length control field 00477nam a2200181Ia 4500
020 ## - INTERNATIONAL STANDARD BOOK NUMBER
ISBN 0-8204-5007-3
082 ## - DEWEY DECIMAL CLASSIFICATION NUMBER
Classification number 306.46 SLA-C
100 ## - MAIN ENTRY--AUTHOR NAME
Personal name Slack, Jennifer Daryl
245 #0 - TITLE STATEMENT
Title Culture + technology: a primer
260 ## - PUBLICATION, DISTRIBUTION, ETC. (IMPRINT)
Place of publication New York
Name of publisher Peter Lang
Year of publication 2005
300 ## - PHYSICAL DESCRIPTION
Number of Pages xiii, 226
504 ## - BIBLIOGRAPHY, ETC. NOTE
Bibliography, etc includes index
650 ## - SUBJECT ADDED ENTRY--TOPICAL TERM
Topical Term Technology
Form subdivision Philosophy
650 ## - SUBJECT ADDED ENTRY--TOPICAL TERM
Topical Term Technology
Form subdivision Social aspects
650 ## - SUBJECT ADDED ENTRY--TOPICAL TERM
Topical Term Technology and civilization
700 ## - ADDED ENTRY--PERSONAL NAME
Personal name Wise, J. Macgregor
942 ## - ADDED ENTRY ELEMENTS (KOHA)
Koha item type Books
Holdings
Withdrawn status Lost status Damaged status Not for loan Home library Current library Date acquired Source of acquisition Bill Date Full call number Accession Number Price effective from Koha item type
        NASSDOC Library NASSDOC Library 17/03/2006 SSS 2006-03-06 306.46 SLA-C 41465 18/04/2019 Books